| 000 | 00476nam a2200181Ia 4500 | ||
|---|---|---|---|
| 003 | OSt | ||
| 005 | 20260202151136.0 | ||
| 008 | 210210b1950 xxu||||| |||| 00| 0 eng d | ||
| 040 | _cAL | ||
| 041 | _akan | ||
| 082 | _a852/692 | ||
| 100 |
_aGANDHIJI _9160377 _dಗಾಂಧೀಜಿ. |
||
| 245 |
_aMula shikshana: _bಮೂಲ ಶಿಕ್ಷಣ |
||
| 260 |
_aBengaluru _bGandhi Sahitya Sanga _c1950 |
||
| 690 |
_aKannada Prose _9160378 |
||
| 906 | _a019257 | ||
| 942 |
_2ddc _cBK |
||
| 999 |
_c143379 _d143379 |
||